| 000 | 03310cam a2200325 4500500 | ||
|---|---|---|---|
| 005 | 20260322013525.0 | ||
| 041 | _afre | ||
| 042 | _adc | ||
| 100 | 1 | 0 |
_aLaroutis, Dimitri _eauthor |
| 700 | 1 | 0 |
_aBerriche, Amira _eauthor |
| 700 | 1 | 0 |
_aCultrera, Loredana _eauthor |
| 245 | 0 | 0 | _aBlockchain et Programmes de Fidelité : Comment le Bitcoin et les NFT Stimulent l’Adoption desCcryptomonnaies dans le commerce de détail (retail) |
| 260 | _c2026. | ||
| 500 | _a57 | ||
| 520 | _aLes innovations technologiques digitales transforment le management des programmes de fidélité et de l’expérience client dans le secteur du retail. L’objectif de notre recherche est de comprendre comment les programmes de fidélité basés sur les innovations de la blockchain stimulent l’intention de régler ses achats en Bitcoin. Une régression logistique a été mise en place sur un panel de 300 personnes. Les résultats montrent notamment que le caractère ludique des programmes de fidélité utilisant la blockchain, le Bitcoin et les NFT et la personnalisation offerte par les remboursements en NFT favorisent l’utilisation du Bitcoin comme moyen de paiement. Cette recherche révèle de nouveaux mécanismes sous-jacents comme l’amusement et la personnalisation. | ||
| 520 | _aDigital technological innovations are transforming the management of loyalty programs and customer experience in the retail sector. The aim of our research is to understand how loyalty programs based on blockchain innovations stimulate the intention to pay for purchases in Bitcoin. A logistic regression was implemented on a panel of 300 people. In particular, the results show that the playful nature of loyalty programs using blockchain, Bitcoin and NFT and the personalization offered by NFT refunds encourage the use of Bitcoin as a means of payment. This research reveals new underlying mechanisms such as fun and personalization. | ||
| 520 | _aLas innovaciones tecnológicas digitales están transformando la gestión de los programas de fidelización y la experiencia del cliente en el sector minorista. El objetivo de nuestra investigación es comprender cómo los programas de fidelización basados en las innovaciones de la cadena de bloques estimulan la intención de pagar las compras en Bitcoin. Se ha realizado una regresión logística con un panel de 300 personas. Los resultados muestran que el carácter lúdico de los programas de fidelización que utilizan blockchain, Bitcoin y NFT, así como la personalización que ofrecen los reembolsos en NFT, fomentan el uso de Bitcoin como medio de pago. Esta investigación revela nuevos mecanismos subyacentes como la diversión y la personalización. | ||
| 690 | _aExpérience client | ||
| 690 | _aintention de payer en Cryptomonnaies | ||
| 690 | _aManagement de l’innovation | ||
| 690 | _aProgramme de fidélité | ||
| 690 | _aRetail | ||
| 690 | _aCustomer Experience | ||
| 690 | _aInnovation Management | ||
| 690 | _aIntention to Pay with Cryptocurrencies | ||
| 690 | _aLoyalty Program | ||
| 690 | _aRetail | ||
| 786 | 0 | _nVie & sciences de l'entreprise | 226-227 | 3-4 | 2026-02-03 | p. 151-171 | 2262-5321 | |
| 856 | 4 | 1 | _uhttps://shs.cairn.info/revue-vie-sciences-de-lentreprise-2025-3-4-page-151?lang=fr&redirect-ssocas=7080 |
| 999 |
_c1781428 _d1781428 |
||